000 01039cab a2200325 4500
001 ABS46146
008 090401t1992 xxu||||| |||| 00| 0 eng d
035 _a(Sirsi) u56974
041 _aeng
100 _aBurton, I.
245 _aSecond inspector snubbed in new village rejection
260 _c1992
350 _a0
490 _aPlanning (for the Natural and Built Environment)
_v(959) 13 March 1992, 16-17(2)
520 _aReports on the rejection of eight village developments along the A45 corridor in Cambridgeshire, by the Secretary of State for the Environment. Examines how the planning inspector reached his decisions.
650 _aALLINGTON
650 _aBELHAM HILL
650 _aBOURN AIRFIELD
650 _aCAMBRIDGE
650 _aGREAT COMMON FARM
650 _aHARE PARK
650 _aHIGHFIELDS
650 _aNEW SETTLEMENTS
650 _aPLANNING DECISIONS
650 _aSCOTLAND PARK
650 _aSWANSLEY WOOD
690 _aPLANNING LAW AND PRACTICE
942 _n0
948 _c04/03/1997
999 _c34753
_d34753